Special diets for special people: understanding and implementing a gluten- free and casein- free diet to aid in the treatment of autism and related developmental disorders (Record no. 34910)
[ view plain ]
| 000 -LEADER | |
|---|---|
| fixed length control field | 00601nam a2200181Ia 4500 |
| 020 ## - INTERNATIONAL STANDARD BOOK NUMBER | |
| ISBN | 1- 932565- 30- 2 |
| 050 ## - CALL MARK | |
| Classification number | RJ 506 .A9 L495/ |
| 100 ## - STATEMENT OF RESPONSIBILITY--MAIN AUTHOR NAME | |
| Personal name | Lewis, Lisa S. |
| 245 #0 - TITLE STATEMENT | |
| Title | Special diets for special people: understanding and implementing a gluten- free and casein- free diet to aid in the treatment of autism and related developmental disorders |
| 260 ## - PUBLICATION, DISTRIBUTION, ETC. (IMPRINT) | |
| Place of publication | Arlington, Tex |
| 260 ## - PUBLICATION, DISTRIBUTION, ETC. (IMPRINT) | |
| Name of publisher | Future Horizons Inc. |
| 260 ## - PUBLICATION, DISTRIBUTION, ETC. (IMPRINT) | |
| Year of publication | 2005 |
| 300 ## - PHYSICAL DESCRIPTION | |
| Number of Pages | 370 p |
| 650 ## - SUBJECT ADDED ENTRY--TOPICAL TERM | |
| Topical Term | Special diets for special people |
| 942 ## - ADDED ENTRY ELEMENTS (KOHA) | |
| Koha item type | Books |
| Withdrawn status | Lost status | Source of classification or shelving scheme | Damaged status | Not for loan | Permanent Location | Current Location | Date acquired | Accession Number | Price effective from | Koha item type |
|---|---|---|---|---|---|---|---|---|---|---|
| Library of Congress Classification | NILE UNIVERSITY OF NIGERIA - MAIN LIBRARY | NILE UNIVERSITY OF NIGERIA - MAIN LIBRARY | 04/23/2025 | 0008792 | 04/23/2025 | Books |